000 00776nam a2200229 u 4500
005 20210223132450.0
008 140910s2003 r 000 0 eng d
020 _a9687943408
035 _aUPN01000199509
049 _aCG
050 4 _aJL1281
_bG5.5
245 0 0 _aGlobalización, reforma neoliberal del estado y movimientos sociales /
_ccoord. Ana Alicia Solís de Alba.
260 _aMéxico :
_bItaca,
_c2003.
300 _a274 p. :
_bcuadros
440 0 _aEnfoque sindical
650 4 _aMOVIMIENTOS SOCIALES -
_zMEXICO -
_vCONGRESOS
_911797
650 4 _aGLOBALIZACION -
_xASPECTOS ECONOMICOS -
_zMEXICO
_9913
650 4 _aGLOBALIZACION -
_xASPECTOS SOCIALES -
_zMEXICO
_9914
700 1 _aSolís de Alba, Ana Alicia,
_ecoord.
905 _aLibro
999 _c171610
_d171610